ბათუმის შოთა რუსთაველის სახელმწიფო უნივერსიტეტის ბიბლიოთეკა

სიტყვა როგორც ენობრივი ერთეული / (ბიბ.ჩანაწერი № 52681)

000 -ლიდერი
ფიქსირებული სიგრძის საკონტროლო ველი 01175nam a2200277Ia 4500
001 - საკონტროლო ნომერი
საკონტროლო ველი 19705
003 - საკონტროლო ნომრის იდენტიფიკატორი
საკონტროლო ველი GE_BSU
005 - ბოლო ოპერაციის თარიღი და დრო
საკონტროლო ველი 20200331215308.0
008 - ფიქსირებული სიგრძის მონაცემთა ელემენტები - ზოგადი ინფორმაცია
ფიქსირებული სიგრძის საკონტროლო ველი 181216s1975||||ge |||||||||||||| ||geo||
040 ## - კატალოგიზაციის წყარო
Transcribing agency GE_BSU
041 ## - ენის კოდი
Language code of text/sound track or separate title geo
080 ## - უნივერსალური ათობითი კლასიფიკაციის ინდექსი
Universal Decimal Classification number 81'37 ს-90
100 ## - მთავარი ჩანაწერი - პიროვნების სახელი
Personal name სტურუა, ნათელა
9 (RLIN) 7839
245 ## - ცნობა სათაურის შესახებ
Title სიტყვა როგორც ენობრივი ერთეული /
Statement of responsibility, etc ნათელა სტურუა ; რედ. თ. შარაძენიძე.
260 ## - გამოქვეყნების, გავრცელების, და სხვა. ცნობები
Place of publication, distribution, etc თბილისი
260 ## - გამოქვეყნების, გავრცელების, და სხვა. ცნობები
Name of publisher, distributor, etc მეცნიერება
260 ## - გამოქვეყნების, გავრცელების, და სხვა. ცნობები
Date of publication, distribution, etc 1975
300 ## - ფიზიკური აღწერა
Extent 168გვ. ; 18სმ.
520 ## - SUMMARY, ETC.
Summary, etc რეზიუმე რუსულ და ინგლისურ ენებზე
653 ## - INDEX TERM--UNCONTROLLED
Uncontrolled term ლექსიკა
653 ## - INDEX TERM--UNCONTROLLED
Uncontrolled term სიტყვა როგორც ენობრივი ერთეული
700 ## - ADDED ENTRY--PERSONAL NAME
Personal name შარაძენიძე, თ.
Relator term რედაქტორი
9 (RLIN) 1099
710 ## - ADDED ENTRY--CORPORATE NAME
Corporate name or jurisdiction name as entry element საქ. სსრ მეცნ. აკად. ენათმეცნიერების ინსტიტუტი
9 (RLIN) 7835
942 ## - ADDED ENTRY ELEMENTS (KOHA)
Koha item type წიგნი
Source of classification or shelving scheme
ეგზემპლარები
ჩამოწერის სტატუსი დაკარგული ეგზემპლარის სტატუსი კლასიფიკაციის წყარო ან თაროზე გაწყობის სქემა დაზიანების სტატუსი არ გაიცემა მუდმივი მდებარეობა (დაცვის ადგილი) ამჟამინდელი ადგილსამყოფელი თაროზე განთავსების ადგილი შეძენის თარიღი ღირებულება, შესყიდვის ნორმალური ფასი სრული შენახვის შიფრი შტრიხკოდი ბოლო ოპერაციის თარიღი ეგზემპლარის მიმდევრობითი ნომერი (კეტერი?) ფასის ძალაში შესვლის თარიღი ეგზემპლარის სახეობა საჯარო შენიშვნა
          ბათუმის შოთა რუსთაველის სახელმწიფო უნივერსიტეტის მთავარი ბიბლიოთეკა ბათუმის შოთა რუსთაველის სახელმწიფო უნივერსიტეტის მთავარი ბიბლიოთეკა წიგნსაცავი 2018-12-17 1.40 81'37 ს-90 52000 2018-12-17 52000 2018-12-17 წიგნი 1.40 ლ.